七大洲地图测验 - Statistics

General Stats
  • This quiz has been taken 2 119 times
  • The average score is 6 of 7
Answers on the Map
Answers color-coded by a green-red scale on the quiz's map according to % correct below.
 
Answer Stats
Answer % Correct
亚洲
95%
非洲
95%
欧洲
94%
南美洲
94%
北美洲
93%
南极洲
89%
大洋洲
85%
No matching quizzes found
Score Distribution
Percent of People with Each Score
Percentile by Number Answered
Your Score History
You have not taken this quiz